| 000 | 00774nam a2200205 a 4500 | ||
|---|---|---|---|
| 001 | 000034981 | ||
| 005 | 20200930074027.0 | ||
| 008 | 111024s1965 ag 000 0 spa d | ||
| 040 |
_aDO-SdBNP _bspa _cBNPHU |
||
| 041 | 1 | 7 |
_aspa _hfre |
| 100 | 1 |
_aGaraudy, Roger, _d1913- _960583 |
|
| 245 | 1 | 0 |
_aDios ha muerto : _bun estudio sobre Hegel / _cRoger Garaudy ; tradujo del francés Matilde Alemán. |
| 260 |
_aBuenos Aires : _bPlatina, _c1965. |
||
| 300 |
_a418, [3] p. ; _c20 cm. |
||
| 500 | _aTít. original: Dieu est mort: e´tude sur Hegel | ||
| 590 | _aPerteneció a la biblioteca personal de Juan Isidro Jimenes Grullón | ||
| 600 | 1 | 4 |
_aHegel, Georg Wilhelm Friedrich, _d1770-1831 _960584 |
| 650 | 2 | 4 |
_aFilosofia hegeliana _960585 |
| 700 | 1 |
_aAlemán, Matilde, _etrad. _960586 |
|
| 999 |
_c34472 _d34472 |
||